000 00224nam a22000857a 4500
008 160714b xxu||||| |||| 00| 0 eng d
100 _92824
_aBatra S
245 _aScience-Physics
260 _aNew Delhi
_bHoly Faith Publication
_c2008
999 _c2418
_d2418